| 000 | 01935nam a22002537a 4500 | ||
|---|---|---|---|
| 999 |
_c57574 _d57574 |
||
| 003 | Ge_BSU | ||
| 005 | 20200806123254.0 | ||
| 008 | 200806s2019 ge ||||| |||| 00| 0 geo d | ||
| 020 | _a9789941138713 | ||
| 041 | _ageo | ||
| 080 | _a821.353.1(092ბარათაშვილი) შ-24 | ||
| 100 |
_aშარაბიძე, თამარ _95772 |
||
| 245 |
_aნიკოლოზ ბარათაშვილი : _b(12 ბიოგრაფია) : დამხმარე სახელმძღვანელო / _c თამარ შარაბიძე ; რედაქტორი ინგა სანიკიძე ; გარეკანის დიზაინერი მარიამ ებრალიძე ; ივანე ჯავახიშვილის სახ. თბილისის სახელმწ. უნივერსიტეტი. |
||
| 264 |
_aთბილისი : _bთბილისის უნივერსიტეტის გამომცემლობა, _c2019. |
||
| 300 |
_a314 გვ. ; _b20 სმ. |
||
| 500 | _aგარეკანზე: ლევან ჭოღოშვილის ნახატი. | ||
| 501 | _aწინასიტყვაობა და ბოლოსიტყვაობა ქართულ და ინგლისურ ენებზე. | ||
| 504 | _aბიბლიოგრაფია: გვ. 307-313. | ||
| 653 | _aბარათაშვილი, ნიკოლოზ, 1817-1844. | ||
| 700 |
_aსანიკიძე, ინგა _eრედაქტორი _99112 |
||
| 700 |
_aებრალიძე, მარიამ _eგარეკანის დიზაინერი _99113 |
||
| 710 |
_aივანე ჯავახიშვილის სახ. თბილისის სახელმწ. უნივერსიტეტი. _99114 |
||
| 942 |
_2udc _cBK |
||